01016nas a2200301 4500001001300000003000900013005001700022007000300039008003400042040005400076041000900130072000800139100002000147100002200167100002200189100002000211100001700231245010300248650001200351650001400363650001900377650001500396773007900411909004000490942001800530999001900548952014700567BR2010000140BR-BrBNA20231205113814.0ta230509b bl.|||p| |||| 00| 00por d aBR-BrBNAbporcBiblioteca Nacional de Agricultura a(En) aQ041 aSilva, P.S.L. e1 aRodrigues, V.L.P.1 aMedeiros, J.F. de1 aAquino, B.F. de1 aSilva, J. da1 aYield and quality of melon fruits as a response to the application of nitrogen and potassium doses aMELÃO aQUALIDADE aPOLPA DE FRUTA aRENDIMENTO0 tCaatinga (Brazil)xISSN 0100-316Xg(2007), v. 20(2) p. 43-49wBR2010000140 a202311bLúciac55dLúcia Elande 2AGRISn0cANA c205713d205713 002AGRIS4071a41918b41918cPeriódicos Agrícolash(2007), v. 20(2) p. 43-49l0r2023-11-29t01yCRePortaria Interministerial nº 164/94